Der Mensch in der Gruppe / 1 Sozialpsychologische und dynamische Aspekte
| Main Author: | |
|---|---|
| Format: | Print Book |
| Language: | German |
| Published: |
Bern
Huber
1976
|
| In: |
Der Mensch in der Gruppe
Year: 1976 |
| Edition: | 5., vollk. überarb. u. erg. Aufl. |
| Availability in Tübingen: | Present in Tübingen. IFK: N VII 38-1 |
| Check availability: | HBZ Gateway |
| Subito Delivery Service: | Order now. |
MARC
| LEADER | 00000cam a2200000 cc4500 | ||
|---|---|---|---|
| 001 | 1091498113 | ||
| 003 | DE-627 | ||
| 005 | 20251224220403.0 | ||
| 007 | tu | ||
| 008 | 900903s1976 xx ||||| 00| ||ger c | ||
| 010 | |a 78386413 | ||
| 020 | |a 3456803834 |9 3-456-80383-4 | ||
| 035 | |a (DE-627)1091498113 | ||
| 035 | |a (DE-576)021498113 | ||
| 035 | |a (DE-599)BSZ021498113 | ||
| 035 | |a (OCoLC)311318921 | ||
| 040 | |a DE-627 |b ger |c DE-627 |e rakwb | ||
| 041 | |a ger | ||
| 082 | 0 | |a 616.8/915 | |
| 084 | |a CV 4000 |2 rvk |0 (DE-625)rvk/19158: | ||
| 100 | 1 | |a Battegay, Raymond |d 1927-2016 |0 (DE-588)137254601 |0 (DE-627)591037513 |0 (DE-576)302836551 |4 aut | |
| 109 | |a Battegay, Raymond 1927-2016 |a Battegay, R. 1927-2016 |a Battegay-Fitaya, Raymond 1927-2016 |a Fitaya, Raymond Battegay- 1927-2016 |a Battegay-Trenkel, ... 1927-2016 | ||
| 245 | 1 | 4 | |a Der Mensch in der Gruppe |n 1 |p Sozialpsychologische und dynamische Aspekte |c Raymond Battegay |
| 250 | |a 5., vollk. überarb. u. erg. Aufl. | ||
| 264 | 1 | |a Bern |b Huber |c 1976 | |
| 300 | |a 208 S. |b graph. Darst. | ||
| 336 | |a Text |b txt |2 rdacontent | ||
| 337 | |a ohne Hilfsmittel zu benutzen |b n |2 rdamedia | ||
| 338 | |a Band |b nc |2 rdacarrier | ||
| 583 | 1 | |a Archivierung/Langzeitarchivierung gewährleistet |c 2022 |f SLG |x XA-DE-BW |2 pdager |5 DE-289 | |
| 773 | 1 | 8 | |a Der Mensch in der Gruppe |w (DE-627)1074209265 |w (DE-576)004209265 |g 1 |q 1,5 |7 nnam |
| 936 | r | v | |a CV 4000 |b Gruppenpsychologie |k Psychologie |k Sozialpsychologie |k Gruppenpsychologie |0 (DE-627)1270830112 |0 (DE-625)rvk/19158: |0 (DE-576)200830112 |
| 951 | |a MV | ||
| ELC | |b 1 | ||
| LOK | |0 000 xxxxxcx a22 zn 4500 | ||
| LOK | |0 001 2150276089 | ||
| LOK | |0 003 DE-627 | ||
| LOK | |0 004 1091498113 | ||
| LOK | |0 005 20251111135142 | ||
| LOK | |0 008 930202||||||||||||||||ger||||||| | ||
| LOK | |0 040 |a DE-21-110 |c DE-627 |d DE-21-110 | ||
| LOK | |0 852 |a DE-21-110 | ||
| LOK | |0 852 1 |c N VII 38-1 |m p |9 00 | ||
| LOK | |0 935 |a k110 | ||
| LOK | |0 936ln |a 7.3.3 | ||
| LOK | |0 938 |k p | ||
| LOK | |0 939 |a 02-02-93 |b l01 | ||
| ORI | |a SA-MARC-krimdoka001.raw | ||
| SIG | |a IFK: N VII 38-1 | ||
